000 01163nam0a2200349 4500
001 RU\NLR\bibl\129950
005 20250617104554.0
010 _a5-7990-0411-6
_93000
021 _aRU
_b2000-40385
_91854
035 _a(NLR Aleph) 000127300
090 _a726294
_c726294
100 _a20001204d2000 |||y0rusy50 ca
101 0 _arus
102 _aRU
105 _ay |||||||||
200 1 _aМеждународное частное право
_e[Сб. норматив. док.]
210 _aМ.
_cПриор
_cПриоритет
_d2000
215 _a365 с.
_d21
225 1 _aУчебное пособие студента
606 0 _aОбвинение в уголовном процессе
_jМеждународные договоры
_91336812
_3RU\NLR\auth\66556722
610 0 _aМеждународное право частное
675 _a341.9(075.8)
_v3
_zrus
686 _a10.87
_2rugasnti
686 _a67.412.2я73
_2rubbk
686 _aХ93-3
801 0 _aRU
_bRKP
_c20001204
_gPSBO
801 1 _aRU
_bRKP
_c20001204
801 2 _aRU
_bNLR
_c20010212
_grcr
852 _aNLR
_j2000-3/18241
942 _cBOOK
980 _aNB